Esportista amb valors!
Descripción Física:
1 làmina ; il·lustracions ; 20 x 20 cm
Idioma:
Catalán
MARC
| LEADER | 00000nam a22000007a 4500 | ||
|---|---|---|---|
| 001 | 25464 | ||
| 008 | 220512b spa||||| |||| 00| 0 cat d | ||
| 080 | |a NBM-13-97 | ||
| 245 | |a Esportista amb valors! | ||
| 260 | |a Barcelona : |b Diputació de Barcelona, |c 2016 | ||
| 300 | |a 1 làmina ; |b il·lustracions ; |c 20 x 20 cm | ||
| 610 | 0 | |9 52897 |a Penja't una medalla |e campanya | |
| 650 | 0 | |a Esports |z Barcelona (Catalunya : Província) |9 34361 | |
| 710 | 1 | |a Barcelona (Catalunya : Província). |b Diputació |9 52408 | |
| 942 | |2 udc |c ARXIU |n 1 | ||
| 952 | |0 0 |1 0 |4 0 |6 NBM1397 |7 1 |9 61647 |a Arxiu |b Arxiu |d 2022-05-12 |l 0 |o NBM-13-97 |p 25464 |r 2022-05-12 00:00:00 |w 2022-05-12 |y ARXIU | ||
| 999 | |c 81545 |d 81545 | ||